| LEADER 00000nam 2200000uu 4500 |
| 001 211000 |
| 003 ULIBM |
| 008 160531s||||||||th 000 0 tha d |
| 020 978-616-382-692-3
|
| 060 0 WE250 ร924 2558
|
| 245 00 ^aโรคกระดูกเมแทบอลิกและโรคกระดูกพรุน=^bMetabolic bone disease and osteoporosis/^cวิวัฒน์ วจนะวิศิษฐ์,บรรณาธิการ
|
| 250 ^aพิมพ์ครั้งที่ 1
|
| 260 ^aกรุงเทพฯ:^bนิวไวเด็ก,^c2558.
|
| 300 ^a160 หน้า:^bภาพประกอบ;^c27 ซม.
|
| 650 0 ^aเมแทบอลิก
|
| 650 0 ^aกระดูกพรุน,โรค
|
| 650 0 ^aOthopaedics
|
| 650 0 ^aBone diseases,Metabolic
|
| 650 0 ^aOsteoporosis
|
| 700 0 ^aวิวัฒน์ วจนะวิศิษฐ์,บรรณาธิการ
|
| 999 ^aใช้งานได้ทุกระบบ
|